书目信息 |
| 题名: |
大学计算机基础实验指导与习题解析
|
|
| 作者: | 阙清贤 , 罗如为 主编 | |
| 分册: | ||
| 出版信息: | 北京 中国水利水电出版社 2019 |
|
| 页数: | 179页 | |
| 开本: | 26cm | |
| 丛书名: | ||
| 单 册: | ||
| 中图分类: | TP3 | |
| 科图分类: | ||
| 主题词: | 电子计算机--Dian Zi Ji Suan Ji--高等学校--教学参考资料 | |
| 电子资源: | ||
| ISBN: | 978-7-5170-8025-1 | |
| 000 | 01304nam0 2200277 450 | |
| 001 | 012001003213 | |
| 005 | 20140129143053.0 | |
| 010 | @a978-7-5170-8025-1@dCNY28.00 | |
| 099 | @aCAL 012019150301 | |
| 100 | @a20191108d2019 em y0chiy50 ea | |
| 101 | 0 | @achi |
| 102 | @aCN@b110000 | |
| 105 | @aa z 000yy | |
| 106 | @ar | |
| 200 | 1 | @a大学计算机基础实验指导与习题解析@ADa Xue Ji Suan Ji Ji Chu Shi Yan Zhi Dao Yu Xi Ti Jie Xi@f主编阙清贤,罗如为 |
| 210 | @a北京@c中国水利水电出版社@d2019 | |
| 215 | @a179页@c图@d26cm | |
| 300 | @a应用型高等院校校企合作创新示范教材 | |
| 320 | @a有书目 | |
| 330 | @a本书分为两个部分,第一部分是实验指导部分,主要包括计算机基础知识、Windows与操作系统、计算机网络、文字处理软件Word 2010、电子表格软件Excel 2010、演示文稿制作PowerPoint 2010、计算机常用工具软件七类实验,每类实验由两个以上实验案例构成,以任务驱动的模式,强化计算机基本操作技能,并提高计算机应用能力;第二部分是习题部分,为方便读者自我检测,习题均提供参考答案,通过习题的练习进一步加深读者对计算机基础知识的了解,使其掌握计算机实验操作过程中的技能。 | |
| 606 | 0 | @a电子计算机@ADian Zi Ji Suan Ji@x高等学校@j教学参考资料 |
| 690 | @aTP3@v5 | |
| 701 | 0 | @a阙清贤@AQue Qing Xian@4主编 |
| 701 | 0 | @a罗如为@ALuo Ru Wei@4主编 |
| 801 | 0 | @aCN@b北京卓展@c20191020 |
| 905 | @b1210796-9@dTP3@e1012@f4 | |
| 大学计算机基础实验指导与习题解析/主编阙清贤,罗如为.-北京:中国水利水电出版社,2019 |
| 179页:图;26cm |
| 应用型高等院校校企合作创新示范教材 |
| ISBN 978-7-5170-8025-1:CNY28.00 |
| 本书分为两个部分,第一部分是实验指导部分,主要包括计算机基础知识、Windows与操作系统、计算机网络、文字处理软件Word 2010、电子表格软件Excel 2010、演示文稿制作PowerPoint 2010、计算机常用工具软件七类实验,每类实验由两个以上实验案例构成,以任务驱动的模式,强化计算机基本操作技能,并提高计算机应用能力;第二部分是习题部分,为方便读者自我检测,习题均提供参考答案,通过习题的练习进一步加深读者对计算机基础知识的了解,使其掌握计算机实验操作过程中的技能。 |
| ● |
| 相关链接 |
|
|
|
|
正题名:大学计算机基础实验指导与习题解析
索取号:TP3/1012
 
预约/预借
| 序号 | 登录号 | 条形码 | 馆藏地/架位号 | 状态 | 备注 |
| 1 | 1210796 | 212107968 | 第二样本阅览室/ [索取号:TP3/1012] | 在馆 | |
| 2 | 1210797 | 212107977 | 第三借阅区/ [索取号:TP3/1012] | 在馆 | |
| 3 | 1210798 | 212107986 | 第三借阅区/ [索取号:TP3/1012] | 在馆 | |
| 4 | 1210799 | 212107995 | 第三借阅区/ [索取号:TP3/1012] | 在馆 |